000 00541ntaaa2200205 4500
003 01
005 20251027201703.0
008 0714s1973 ag 01
040 _aAR-BaBN
_bspa
_cAR-BaBN
_eaacr
_dRIC
082 _a232.9700 F48
100 _aFilson, Floyd V.
_99556
245 _aJesus Christ the risen lord
250 _a1 ed.
260 _as.l. :
_bAbingdon Press,
_c1955
300 _a288 p
500 _aA biblical theology based on the resurrection
650 _ateología-resurrección
_911624
650 _aJesucristo
942 _cBK
999 _c11600
_d11600